Моделирование выпарной установки водоочистного комплекса; Молодежь и современные информационные технологии

التفاصيل البيبلوغرافية
Parent link:Молодежь и современные информационные технологии.— 2020.— [С. 196-197]
المؤلف الرئيسي: Ананьин Ю. Б.
مؤلف مشترك: Национальный исследовательский Томский политехнический университет Инженерная школа информационных технологий и робототехники Отделение автоматизации и робототехники
مؤلفون آخرون: Сидорова А. А. Анастасия Александровна
الملخص:Заглавие с титульного экрана
اللغة:الروسية
منشور في: 2020
سلاسل:Мехатроника, робототехника и управление
الموضوعات:
الوصول للمادة أونلاين:http://earchive.tpu.ru/handle/11683/62221
التنسيق: الكتروني فصل الكتاب
KOHA link:https://koha.lib.tpu.ru/cgi-bin/koha/opac-detail.pl?biblionumber=631174

MARC

LEADER 00000naa2a2200000 4500
001 631174
005 20240215085449.0
035 |a (RuTPU)RU\TPU\conf\32873 
035 |a RU\TPU\conf\32872 
090 |a 631174 
100 |a 20200630d2020 k y0rusy50 ca 
101 0 |a rus 
102 |a RU 
105 |a y z 101zy 
135 |a drgn ---uucaa 
181 0 |a i  
182 0 |a b 
200 1 |a Моделирование выпарной установки водоочистного комплекса  |f Ю. Б. Ананьин, А. А. Сидорова 
203 |a Текст  |c электронный 
225 1 |a Мехатроника, робототехника и управление 
300 |a Заглавие с титульного экрана 
320 |a [Библиогр.: с. 197 (4 назв.)] 
463 0 |0 (RuTPU)RU\TPU\conf\32807  |t Молодежь и современные информационные технологии  |o сборник трудов XVII Международной научно-практической конференции студентов, аспирантов и молодых учёных, 17-20 февраля 2020 г., г. Томск  |f Национальный исследовательский Томский политехнический университет, Инженерная школа информационных технологий и робототехники ; под ред. Д. М. Сонькина [и др.]  |v [С. 196-197]  |d 2020 
610 1 |a электронный ресурс 
610 1 |a труды учёных ТПУ 
610 1 |a выпарные установки 
610 1 |a водоочистные комплексы 
610 1 |a выпаривание 
610 1 |a математическое моделирование 
610 1 |a очищение 
700 1 |a Ананьин  |b Ю. Б. 
701 1 |a Сидорова  |b А. А.  |c специалист в области информатики и вычислительной техники  |c старший преподаватель Томского политехнического университета  |f 1986-  |g Анастасия Александровна  |3 (RuTPU)RU\TPU\pers\28644  |9 13460 
712 0 2 |a Национальный исследовательский Томский политехнический университет  |b Инженерная школа информационных технологий и робототехники  |b Отделение автоматизации и робототехники  |3 (RuTPU)RU\TPU\col\23553 
801 2 |a RU  |b 63413507  |c 20200707  |g RCR 
856 4 |u http://earchive.tpu.ru/handle/11683/62221 
942 |c BK